[Event "Oberliga Ost A 2016 2017"]
[Site "Germany"]
[Date "2016.10.16"]
[Round "1.3"]
[White "Melamed, Tatjana"]
[Black "Stolz, Mike"]
[Result "1/2-1/2"]
[WhiteElo "2318"]
[BlackElo "2319"]
[PlyCount "92"]
[EventDate "2016.10.16"]
[EventType "team-tourn"]
[EventCountry "GER"]
[WhiteTeam "Magdeburg SG Aufbau Elbe"]
[BlackTeam "Magdeburg SV Rochade"]
[WhiteTeamCountry "GER"]
[BlackTeamCountry "GER"]

1. e4 d6 2. d4 Nf6 3. Nc3 e5 4. Nf3 Nbd7 5. Bc4 Be7 6. O-O O-O 7. Re1 c6 8. a4
b6 9. Ba2 a6 10. h3 Rb8 11. Be3 b5 12. axb5 axb5 13. b4 Qc7 14. Bb3 c5 15. bxc5
dxc5 16. dxe5 Nxe5 17. Nxe5 Qxe5 18. Qd2 Rb7 19. Bf4 Qd4 20. Qxd4 cxd4 21. Nd5
Nxd5 22. Bxd5 Rb6 23. Ra7 Bb4 24. Rea1 Bd6 25. Bxd6 Rxd6 26. Rd1 Be6 27. Rxd4
Rb8 28. Rd3 h5 29. Rf3 Bxd5 30. exd5 Rf8 31. Rf5 g6 32. Re5 Kg7 33. Rb7 Rc8 34.
Ree7 Rf6 35. Rec7 Ra8 36. Kf1 Ra1+ 37. Ke2 Rb1 38. d6 Re6+ 39. Kf3 Rf6+ 40. Kg3
Rd1 41. d7 h4+ 42. Kxh4 Rxf2 43. Rc8 Rfd2 44. d8=Q Rxd8 45. Rxd8 Rxd8 46. Rxb5
Rd2 1/2-1/2

[Event "Oberliga Ost A 2016 2017"]
[Site "Germany"]
[Date "2016.10.16"]
[Round "1.4"]
[White "Waechter, Nathalie"]
[Black "Schoene, Maria"]
[Result "0-1"]
[WhiteElo "1974"]
[BlackElo "2273"]
[PlyCount "100"]
[EventDate "2016.10.16"]
[EventType "team-tourn"]
[EventCountry "GER"]
[WhiteTeam "Magdeburg SV Rochade"]
[BlackTeam "Magdeburg SG Aufbau Elbe"]
[WhiteTeamCountry "GER"]
[BlackTeamCountry "GER"]

1. d4 Nf6 2. c4 g6 3. Nc3 Bg7 4. e4 d6 5. Be2 O-O 6. Nf3 e5 7. d5 Nbd7 8. O-O
Kh8 9. a3 Nc5 10. Nd2 a5 11. b3 Ng8 12. Rb1 Bd7 13. b4 axb4 14. axb4 Na4 15.
Qc2 Nxc3 16. Qxc3 f5 17. c5 Nf6 18. f3 Bh6 19. cxd6 cxd6 20. Nc4 Bxc1 21. Rfxc1
Bb5 22. Qe3 Bxc4 23. Rxc4 Ra2 24. Rbc1 fxe4 25. fxe4 Qa8 26. Rc7 Ra1 27. h3
Rxc1+ 28. Rxc1 Rc8 29. Bf3 Kg7 30. b5 Rxc1+ 31. Qxc1 Qd8 32. Qe3 Nd7 33. Qa7
Qb6+ 34. Qxb6 Nxb6 35. Bg4 Na4 36. Be2 Kf6 37. Kf2 Ke7 38. Kf3 h6 39. Ke3 Kd8
40. h4 Kc7 41. Kd3 Nc5+ 42. Kc4 Kb6 43. Bf3 Ka5 44. g3 Nd7 45. Be2 Nf6 46. Bf3
Ne8 47. Be2 Nc7 48. Bg4 Nxb5 49. Bc8 b6 50. Bf5 g5 0-1

[Event "Oberliga Ost A 2016 2017"]
[Site "Germany"]
[Date "2016.10.16"]
[Round "1.5"]
[White "Andre, Gordon"]
[Black "Horvath, Julia"]
[Result "1/2-1/2"]
[WhiteElo "2235"]
[BlackElo "2161"]
[PlyCount "97"]
[EventDate "2016.10.16"]
[EventType "team-tourn"]
[EventCountry "GER"]
[WhiteTeam "Magdeburg SG Aufbau Elbe"]
[BlackTeam "Magdeburg SV Rochade"]
[WhiteTeamCountry "GER"]
[BlackTeamCountry "GER"]

1. d4 f5 2. g3 Nf6 3. Bg2 d5 4. Nh3 e6 5. O-O c6 6. b3 Be7 7. c4 O-O 8. Qc2 a5
9. Nd2 a4 10. Nf3 axb3 11. Qxb3 Ne4 12. Nf4 Qa5 13. Ne5 Qc3 14. Bb2 Qa5 15.
Rfd1 g5 16. Nfd3 Na6 17. a4 Re8 18. f3 Nd6 19. c5 Nf7 20. Nxf7 Kxf7 21. e4 Bf6
22. Re1 Qc7 23. Re2 Bd7 24. Bc3 Rad8 25. Rae1 Bc8 26. exf5 exf5 27. Ne5+ Bxe5
28. Rxe5 Rxe5 29. Rxe5 Re8 30. Rxe8 Kxe8 31. Bd2 Qe7 32. Qe3 h6 33. h4 Qxe3+
34. Bxe3 f4 35. Bd2 fxg3 36. hxg5 h5 37. Bf1 Bf5 38. Kg2 h4 39. g6 Bxg6 40.
Bxa6 bxa6 41. Bg5 a5 42. Bxh4 Bc2 43. Bxg3 Bxa4 44. Be1 Kf7 45. Kg3 Ke6 46. Kf4
Bd1 47. Bxa5 Be2 48. Bc3 Bd1 49. Ba1 1/2-1/2

[Event "Oberliga Ost A 2016 2017"]
[Site "Germany"]
[Date "2016.10.16"]
[Round "1.6"]
[White "Kahe, Ralph"]
[Black "Roseneck, Jonas"]
[Result "1-0"]
[WhiteElo "2147"]
[BlackElo "2011"]
[PlyCount "97"]
[EventDate "2016.10.16"]
[EventType "team-tourn"]
[EventCountry "GER"]
[WhiteTeam "Magdeburg SV Rochade"]
[BlackTeam "Magdeburg SG Aufbau Elbe"]
[WhiteTeamCountry "GER"]
[BlackTeamCountry "GER"]

1. d4 Nf6 2. c4 g6 3. Nc3 Bg7 4. e4 d6 5. f3 O-O 6. Be3 Nc6 7. Nge2 e6 8. Rb1
e5 9. d5 Ne7 10. g3 Nd7 11. Bg2 f5 12. O-O Nf6 13. h3 Kh8 14. c5 Neg8 15. cxd6
cxd6 16. Qd2 Bd7 17. g4 h6 18. b4 Nh7 19. a4 h5 20. gxf5 gxf5 21. f4 Ne7 22.
fxe5 Bxe5 23. Nd4 Qe8 24. Ne6 Bxe6 25. dxe6 Qg6 26. Nd5 Nxd5 27. exd5 f4 28. e7
Rg8 29. Bd4 f3 30. Bxe5+ dxe5 31. d6 fxg2 32. Rfe1 Ng5 33. Rb3 Qe6 34. Rg3 Qf5
35. Rxg5 Qxg5 36. Qxg5 Rxg5 37. d7 Rgg8 38. Rxe5 Rge8 39. Kxg2 Kg7 40. Kg3 Kf6
41. dxe8=Q Rxe8 42. Kf4 b6 43. h4 a5 44. b5 Kg6 45. Re6+ Kf7 46. Kf5 Kg7 47.
Rg6+ Kf7 48. Rf6+ Kg7 49. Ke6 1-0

[Event "Oberliga Ost A 2016 2017"]
[Site "Germany"]
[Date "2016.10.16"]
[Round "1.7"]
[White "Biastoch, Bennet"]
[Black "Pesztericz, Laszlo"]
[Result "1/2-1/2"]
[WhiteElo "2105"]
[BlackElo "2106"]
[PlyCount "97"]
[EventDate "2016.10.16"]
[EventType "team-tourn"]
[EventCountry "GER"]
[WhiteTeam "Magdeburg SG Aufbau Elbe"]
[BlackTeam "Magdeburg SV Rochade"]
[WhiteTeamCountry "GER"]
[BlackTeamCountry "GER"]

1. e4 e5 2. Nf3 Nc6 3. Bb5 a6 4. Ba4 Nf6 5. O-O Be7 6. Re1 b5 7. Bb3 O-O 8. c3
d6 9. h3 Na5 10. Bc2 c5 11. d4 Qc7 12. Nbd2 Bb7 13. d5 Bc8 14. b3 Bd7 15. Nf1
Rfe8 16. N3h2 h6 17. g4 Nh7 18. Ng3 Nb7 19. Nf5 Bg5 20. Nf3 Bxc1 21. Qxc1 Qd8
22. h4 Qf6 23. Kg2 Qg6 24. Rg1 Bxf5 25. exf5 Qxg4+ 26. Kf1 Qh5 27. Be4 Nf6 28.
Qe3 c4 29. b4 a5 30. a3 axb4 31. cxb4 c3 32. Bd3 e4 33. Bxb5 exf3 34. Bxe8 Rxe8
35. Qd4 Qxf5 36. Rg3 c2 37. a4 Re4 38. Qc3 Rxh4 39. Rxf3 Qh5 40. Qc8+ Kh7 41.
Qxc2+ Ne4 42. Raa3 f5 43. a5 Qg5 44. Ke2 Qg4 45. a6 Rh2 46. Ke3 Qg5+ 47. Ke2
Qg4 48. Ke3 Qg5+ 49. Ke2 1/2-1/2

[Event "Oberliga Ost A 2016 2017"]
[Site "Germany"]
[Date "2016.10.16"]
[Round "1.8"]
[White "Kuna, Ralf Michael"]
[Black "Lopez Rojas, Jeffrey"]
[Result "0-1"]
[WhiteElo "2112"]
[BlackElo "2119"]
[PlyCount "82"]
[EventDate "2016.10.16"]
[EventType "team-tourn"]
[EventCountry "GER"]
[WhiteTeam "Magdeburg SV Rochade"]
[BlackTeam "Magdeburg SG Aufbau Elbe"]
[WhiteTeamCountry "GER"]
[BlackTeamCountry "GER"]

1. e4 c5 2. Nf3 a6 3. d4 cxd4 4. Nxd4 Nf6 5. Bd3 e5 6. Nf3 Nc6 7. c4 Bb4+ 8.
Bd2 O-O 9. O-O d6 10. Bxb4 Nxb4 11. Qd2 Qb6 12. Nc3 Bg4 13. Be2 Rac8 14. b3
Rfd8 15. Rfd1 Bh5 16. Ne1 Bg6 17. Bf3 Nc6 18. Nc2 Qc7 19. Rac1 Qb8 20. Qe2 h6
21. Nd5 Nxd5 22. cxd5 Na7 23. Na3 Rxc1 24. Rxc1 Rc8 25. Rc4 b5 26. Rc2 Rc7 27.
g4 Qc8 28. Rxc7 Qxc7 29. Qc2 Qa5 30. Nb1 Qe1+ 31. Kg2 b4 32. Nd2 Nb5 33. Nc4
Nd4 34. Qd3 Qc3 35. Be2 Nc2 36. Kg1 Qe1+ 37. Kg2 Qc3 38. Kg1 Ne1 39. Qb1 Nf3+
40. Kg2 Nh4+ 41. Kg1 Bxe4 0-1

[Event "Oberliga Ost A 2016 2017"]
[Site "Germany"]
[Date "2016.11.19"]
[Round "2.1"]
[White "Cerveny, Martin"]
[Black "Woellermann, Jan"]
[Result "1/2-1/2"]
[WhiteElo "2384"]
[BlackElo "2379"]
[PlyCount "164"]
[EventDate "2016.10.16"]
[EventType "team-tourn"]
[EventCountry "GER"]
[WhiteTeam "Aue ESV Nickelhuette II"]
[BlackTeam "Magdeburg SG Aufbau Elbe"]
[WhiteTeamCountry "GER"]
[BlackTeamCountry "GER"]

1. d4 Nf6 2. Nf3 e6 3. c4 b6 4. g3 Bb4+ 5. Nbd2 Bb7 6. Bg2 O-O 7. O-O d5 8. Qc2
Nbd7 9. a3 Be7 10. Rd1 Rc8 11. cxd5 exd5 12. b4 c5 13. dxc5 bxc5 14. Qa4 Qb6
15. Bb2 Rfe8 16. Bh3 Rcd8 17. Rab1 Bc6 18. Qb3 Bf8 19. bxc5 Bxc5 20. Qxb6 axb6
21. e3 Ra8 22. Rdc1 Ne4 23. Nb3 Ba4 24. Nbd4 h6 25. Bf1 Ra5 26. Bd3 Ndf6 27.
Kg2 Ng4 28. Rf1 Bf8 29. h3 Ngf6 30. Rfc1 Nc5 31. Be2 Nfe4 32. Ba1 Bd7 33. Nc2
Ba4 34. Ncd4 Bd7 35. Rxb6 Rxa3 36. Nc2 Rb3 37. Rb1 Rxb6 38. Rxb6 Ra8 39. Bd4
Ra2 40. Rb2 Ra8 41. g4 Rc8 42. Nce1 Bd6 43. Ne5 Be8 44. Rc2 f6 45. N5d3 Rc7 46.
Nb4 Bf7 47. f3 Ng5 48. Bxc5 Rxc5 49. Rd2 Rc1 50. Nec2 Bc7 51. h4 Ne6 52. Rd1
Rxd1 53. Bxd1 Nf8 54. Nd4 Nd7 55. Bb3 Nb6 56. Nb5 Be5 57. f4 Bb2 58. Nd3 Ba1
59. Nd6 Be6 60. f5 Bd7 61. Nb4 Be5 62. Ne4 Kf8 63. Nc5 Bc8 64. Nxd5 Nxd5 65.
Bxd5 Ke7 66. Nd3 Bd6 67. Kf3 Bd7 68. Nf4 Bc5 69. e4 Bd4 70. Ng6+ Kd6 71. Kf4
Bc3 72. Ba8 Be8 73. Nf8 Bd7 74. Kf3 Be1 75. g5 hxg5 76. hxg5 Bd2 77. g6 Ke7 78.
Nh7 Bc3 79. Bd5 Be5 80. Ke3 Bb5 81. Kf3 Ba4 82. Ke3 Bb5 1/2-1/2

[Event "Oberliga Ost A 2016 2017"]
[Site "Germany"]
[Date "2016.11.19"]
[Round "2.2"]
[White "Paul, Johannes"]
[Black "Rosko, Lubos"]
[Result "1/2-1/2"]
[WhiteElo "2297"]
[BlackElo "2345"]
[PlyCount "110"]
[EventDate "2016.10.16"]
[EventType "team-tourn"]
[EventCountry "GER"]
[WhiteTeam "Magdeburg SG Aufbau Elbe"]
[BlackTeam "Aue ESV Nickelhuette II"]
[WhiteTeamCountry "GER"]
[BlackTeamCountry "GER"]

1. d4 Nf6 2. c4 c5 3. Nf3 cxd4 4. Nxd4 e5 5. Nb5 d5 6. cxd5 Bc5 7. N5c3 O-O 8.
g3 Qb6 9. e3 Bg4 10. Be2 Bxe2 11. Qxe2 e4 12. O-O Re8 13. Nd2 Bb4 14. Nc4 Qa6
15. Rd1 Bxc3 16. bxc3 Nbd7 17. Kf1 Nc5 18. Nb2 Qd6 19. Kg2 Rad8 20. c4 Qe5 21.
Rb1 Rd6 22. Bd2 Rb6 23. Ba5 Ra6 24. Bb4 Nfd7 25. a3 Rh6 26. Rh1 b6 27. h3 Rg6
28. Rbd1 a5 29. Bxc5 Nxc5 30. d6 Rxd6 31. Rxd6 Qxd6 32. Rd1 Qf6 33. Rd4 g6 34.
Nd1 Kg7 35. Qg4 Rd8 36. Rxd8 Qxd8 37. Qe2 Qf6 38. Qb2 Qxb2 39. Nxb2 Kf6 40. f4
exf3+ 41. Kxf3 Ke5 42. g4 f5 43. g5 Ne4 44. h4 Nc5 45. Nd1 Na4 46. Ke2 Kd6 47.
Kd3 Kc5 48. Nf2 Kd6 49. Kd4 Nc5 50. Nh3 Ne6+ 51. Kd3 Ke5 52. Nf2 Nc5+ 53. Ke2
Ne4 54. Nd3+ Kd6 55. Nf4 Nc5 1/2-1/2

[Event "Oberliga Ost A 2016 2017"]
[Site "Germany"]
[Date "2016.11.19"]
[Round "2.4"]
[White "Schoene, Maria"]
[Black "Haessler, Wolfgang"]
[Result "0-1"]
[WhiteElo "2273"]
[BlackElo "2211"]
[PlyCount "64"]
[EventDate "2016.10.16"]
[EventType "team-tourn"]
[EventCountry "GER"]
[WhiteTeam "Magdeburg SG Aufbau Elbe"]
[BlackTeam "Aue ESV Nickelhuette II"]
[WhiteTeamCountry "GER"]
[BlackTeamCountry "GER"]

1. e4 d5 2. exd5 Qxd5 3. Nc3 Qd6 4. d4 Nf6 5. Bc4 a6 6. Nge2 b5 7. Bb3 e6 8.
Bf4 Qd8 9. d5 c5 10. dxc6 Qxd1+ 11. Rxd1 Nxc6 12. a4 b4 13. Nb1 Na5 14. Ba2 Bb7
15. Bc7 Nc6 16. O-O Rc8 17. Bf4 Na5 18. Nd4 Bd5 19. Bxd5 Nxd5 20. Be5 Nc4 21.
Rde1 Be7 22. Bxg7 Rg8 23. Be5 Nxe5 24. Rxe5 Bf6 25. Re4 Bxd4 26. Rxd4 Rxc2 27.
b3 Ne3 28. Rxb4 Rxg2+ 29. Kh1 Rgxf2 30. Rb8+ Ke7 31. Rb7+ Kd8 32. Rxf2 Rc1+ 0-1

[Event "Oberliga Ost A 2016 2017"]
[Site "Germany"]
[Date "2016.11.19"]
[Round "2.5"]
[White "Schnabel, Ralf"]
[Black "Andre, Gordon"]
[Result "0-1"]
[WhiteElo "2235"]
[BlackElo "2235"]
[PlyCount "64"]
[EventDate "2016.10.16"]
[EventType "team-tourn"]
[EventCountry "GER"]
[WhiteTeam "Aue ESV Nickelhuette II"]
[BlackTeam "Magdeburg SG Aufbau Elbe"]
[WhiteTeamCountry "GER"]
[BlackTeamCountry "GER"]

1. e4 c5 2. Nf3 e6 3. b3 Nc6 4. Bb2 Nf6 5. e5 Nd5 6. c4 Nde7 7. g3 d6 8. exd6
Nf5 9. Bg2 Bxd6 10. O-O O-O 11. Re1 Be7 12. a3 Bf6 13. Ra2 Bxb2 14. Rxb2 Qf6
15. Nc3 Rd8 16. Qb1 Nfd4 17. Nxd4 Nxd4 18. f4 Rb8 19. Ne4 Qe7 20. b4 cxb4 21.
axb4 Bd7 22. Qa1 a6 23. Qa5 Bc6 24. Qc5 Qd7 25. Qb6 Rbc8 26. Nc5 Nf3+ 27. Bxf3
Qd4+ 28. Re3 Qxb2 29. Bxc6 Qc1+ 30. Kf2 Qxd2+ 31. Kf3 Qd1+ 32. Re2 Rd2 0-1

[Event "Oberliga Ost A 2016 2017"]
[Site "Germany"]
[Date "2016.11.19"]
[Round "2.6"]
[White "Sieber, Fiona"]
[Black "Heinz, Juergen"]
[Result "1-0"]
[WhiteElo "2236"]
[BlackElo "2220"]
[PlyCount "73"]
[EventDate "2016.10.16"]
[EventType "team-tourn"]
[EventCountry "GER"]
[WhiteTeam "Magdeburg SG Aufbau Elbe"]
[BlackTeam "Aue ESV Nickelhuette II"]
[WhiteTeamCountry "GER"]
[BlackTeamCountry "GER"]

1. e4 c5 2. Nf3 a6 3. c4 Nc6 4. d4 cxd4 5. Nxd4 g6 6. Nc3 Bg7 7. Be3 d6 8. Be2
Nf6 9. O-O O-O 10. f3 Bd7 11. Nb3 Be6 12. Rc1 Nd7 13. Kh1 Rc8 14. Re1 b6 15.
Qd2 f5 16. Bf1 Bxc3 17. Rxc3 fxe4 18. Bh6 Rf6 19. Rxe4 Nde5 20. Nd4 Nxd4 21.
Qxd4 Nc6 22. Qf2 Bf5 23. Re1 Ne5 24. Be3 Nd7 25. Ra3 a5 26. Qh4 Rf7 27. Bg5 Ne5
28. Rae3 Rc7 29. Qd4 Qb8 30. Rb3 Rc5 31. Qd2 Qc7 32. Be3 Rc6 33. Bd4 Be6 34.
Bxe5 dxe5 35. Rd3 Bxc4 36. Rd7 Rd6 37. Rxc7 1-0

[Event "Oberliga Ost A 2016 2017"]
[Site "Germany"]
[Date "2016.11.19"]
[Round "2.7"]
[White "Poessel, Christian"]
[Black "Roseneck, Jonas"]
[Result "0-1"]
[WhiteElo "2004"]
[BlackElo "2011"]
[PlyCount "118"]
[EventDate "2016.10.16"]
[EventType "team-tourn"]
[EventCountry "GER"]
[WhiteTeam "Aue ESV Nickelhuette II"]
[BlackTeam "Magdeburg SG Aufbau Elbe"]
[WhiteTeamCountry "GER"]
[BlackTeamCountry "GER"]

1. e4 c5 2. Nf3 d6 3. d4 cxd4 4. Nxd4 Nf6 5. Nc3 a6 6. Bg5 e6 7. Qe2 Be7 8. f4
h6 9. Bxf6 Bxf6 10. O-O-O Qc7 11. g3 Bd7 12. Bg2 Nc6 13. Nxc6 Bxc6 14. Nd5 Bxd5
15. exd5 e5 16. Bh3 O-O 17. fxe5 Bxe5 18. Rhf1 Rfe8 19. Qd3 Re7 20. Rf3 Rae8
21. Bf1 b5 22. h4 Qc5 23. Qf5 g6 24. Qd3 Bg7 25. Qa3 Qb6 26. h5 Re3 27. Rxe3
Rxe3 28. Qb4 Rxg3 29. hxg6 Qe3+ 30. Kb1 Rxg6 31. a4 Qf3 32. Qe1 bxa4 33. Qe8+
Kh7 34. Be2 Qf6 35. c3 a3 36. Rf1 Qe5 37. Qxe5 Bxe5 38. Bd3 Kg7 39. Bxg6 fxg6
40. bxa3 Bxc3 41. Kc2 Be5 42. Kd3 g5 43. Ke4 Kg6 44. Rf8 Kh5 45. Ra8 Kg4 46.
Rxa6 h5 47. Rb6 h4 48. a4 h3 49. a5 h2 50. Rb1 Bg3 51. Ke3 Kh3 52. Ke2 Kg2 53.
Rf1 Be5 54. Rf2+ Kg3 55. Rf3+ Kg4 56. Rf1 Bd4 57. Rh1 Kg3 58. Kf1 Kh3 59. a6 g4
0-1

[Event "Oberliga Ost A 2016 2017"]
[Site "Germany"]
[Date "2016.11.19"]
[Round "2.8"]
[White "Biastoch, Bennet"]
[Black "Vlckova, Katerina"]
[Result "1-0"]
[WhiteElo "2105"]
[BlackElo "1924"]
[PlyCount "99"]
[EventDate "2016.10.16"]
[EventType "team-tourn"]
[EventCountry "GER"]
[WhiteTeam "Magdeburg SG Aufbau Elbe"]
[BlackTeam "Aue ESV Nickelhuette II"]
[WhiteTeamCountry "GER"]
[BlackTeamCountry "GER"]

1. e4 c5 2. Nf3 e6 3. d4 cxd4 4. Nxd4 a6 5. Bd3 Qc7 6. O-O Nf6 7. Qe2 d6 8. c4
Be7 9. Nc3 Nc6 10. Be3 Ne5 11. Rac1 Nxd3 12. Qxd3 Ng4 13. h3 Nxe3 14. Qxe3 O-O
15. Rfd1 Rd8 16. Qg3 Qa5 17. b4 Qxb4 18. Nf5 Bf6 19. Nxd6 Qc5 20. Na4 Qa5 21.
Qb3 b5 22. cxb5 axb5 23. Nc5 b4 24. e5 Be7 25. Rc2 h6 26. Rdd2 Qb6 27. Qf3 Bxd6
28. Qxa8 Bxe5 29. Ne4 Bd7 30. Rc6 Qxc6 31. Qxd8+ Kh7 32. Qxd7 Qxe4 33. Qd3 Qxd3
34. Rxd3 Kg6 35. Rb3 Bd6 36. Kf1 Kf5 37. Rd3 Be7 38. Rd7 Kf6 39. Ke2 e5 40. Kd3
Bf8 41. Rb7 Ke6 42. Kc4 e4 43. Rxb4 Bxb4 44. Kxb4 f5 45. a4 Kd6 46. Kc4 g5 47.
Kd4 h5 48. g3 e3 49. Kxe3 Kc5 50. h4 1-0

[Event "Oberliga Ost A 2016 2017"]
[Site "Germany"]
[Date "2016.11.19"]
[Round "2.1"]
[White "Reizniece Ozola, Dana"]
[Black "Mueller, Richard"]
[Result "1/2-1/2"]
[WhiteElo "2253"]
[BlackElo "2170"]
[PlyCount "83"]
[EventDate "2016.10.16"]
[EventType "team-tourn"]
[EventCountry "GER"]
[WhiteTeam "Loeberitz SG"]
[BlackTeam "Coswig TuS"]
[WhiteTeamCountry "GER"]
[BlackTeamCountry "GER"]

1. c4 Nf6 2. Nc3 d5 3. cxd5 Nxd5 4. g3 c6 5. Bg2 g6 6. Nxd5 cxd5 7. Qb3 e6 8.
Qc3 d4 9. Qc4 Bg7 10. d3 O-O 11. h4 h5 12. Bf4 Qb6 13. b4 e5 14. Bd2 Na6 15. a4
Be6 16. Qb5 Rab8 17. Rc1 Rfd8 18. f4 Bd7 19. Qxb6 axb6 20. a5 bxa5 21. bxa5 Re8
22. Nf3 Bc6 23. fxe5 Bxe5 24. Nxe5 Bxg2 25. Rh2 Bc6 26. Bf4 Rbd8 27. g4 Rd5 28.
Nxc6 bxc6 29. gxh5 Rxh5 30. Bg5 Re5 31. Bf6 Re6 32. Bxd4 Rxa5 33. Rb1 Rd5 34.
Ba1 Rb5 35. Rc1 Nc5 36. Rd1 Kf8 37. Bc3 Rb3 38. Kd2 Ne4+ 39. dxe4 Rd6+ 40. Kc2
Rxc3+ 41. Kxc3 Rxd1 42. h5 1/2-1/2

[Event "Oberliga Ost A 2016 2017"]
[Site "Germany"]
[Date "2016.11.19"]
[Round "2.2"]
[White "Pietsch, Michael"]
[Black "Schuetze, Norman"]
[Result "1/2-1/2"]
[WhiteElo "2146"]
[BlackElo "2322"]
[PlyCount "63"]
[EventDate "2016.10.16"]
[EventType "team-tourn"]
[EventCountry "GER"]
[WhiteTeam "Coswig TuS"]
[BlackTeam "Loeberitz SG"]
[WhiteTeamCountry "GER"]
[BlackTeamCountry "GER"]

1. d4 d5 2. Nf3 Nf6 3. c4 e6 4. g3 dxc4 5. Bg2 Nc6 6. Qa4 Bb4+ 7. Bd2 Nd5 8.
Bxb4 Ndxb4 9. Ne5 O-O 10. Nxc6 Nxc6 11. e3 Qd6 12. Qxc4 e5 13. d5 Ne7 14. O-O
c6 15. Nc3 cxd5 16. Nxd5 Be6 17. Qc7 Qxc7 18. Nxc7 Rac8 19. Nxe6 fxe6 20. Rac1
b6 21. Bb7 Rcd8 22. Rfd1 Nd5 23. Rd2 Nf6 24. Rcc2 Rxd2 25. Rxd2 Kf7 26. Rc2 Rd8
27. Bc8 Ne8 28. Kf1 Kf6 29. Ke2 Nd6 30. Ba6 Rd7 31. a4 e4 32. Rc6 1/2-1/2

[Event "Oberliga Ost A 2016 2017"]
[Site "Germany"]
[Date "2016.11.19"]
[Round "2.3"]
[White "Schindler, Christian"]
[Black "Schweitzer, Andreas"]
[Result "0-1"]
[WhiteElo "2251"]
[BlackElo "2210"]
[PlyCount "110"]
[EventDate "2016.10.16"]
[EventType "team-tourn"]
[EventCountry "GER"]
[WhiteTeam "Loeberitz SG"]
[BlackTeam "Coswig TuS"]
[WhiteTeamCountry "GER"]
[BlackTeamCountry "GER"]

1. d4 d5 2. Nf3 c6 3. c4 Nf6 4. e3 e6 5. Bd3 Nbd7 6. O-O dxc4 7. Bxc4 Bd6 8. b3
O-O 9. Ba3 Bxa3 10. Nxa3 Qe7 11. Nc2 b6 12. Qc1 Bb7 13. Qa3 c5 14. dxc5 Nxc5
15. Ncd4 Nd5 16. Rfd1 Nc3 17. Rdc1 Nd5 18. Rc2 a5 19. Rd1 Qf6 20. Be2 Nb4 21.
Rcc1 Qg6 22. Ne1 Rfd8 23. Bf3 Be4 24. Bxe4 Qxe4 25. Qb2 e5 26. Ndf3 f6 27. Qe2
Rab8 28. Nd2 Qd5 29. Nc4 Nbd3 30. Nxd3 Nxd3 31. Rb1 e4 32. h3 Qc5 33. Nb2 Qc3
34. Nxd3 exd3 35. Qd2 Rbc8 36. Qxc3 Rxc3 37. Rd2 Kf7 38. f3 Ke6 39. Rbd1 f5 40.
Kf2 Ke5 41. Rb2 Rc2+ 42. Rxc2 dxc2 43. f4+ Ke6 44. Rc1 Rd2+ 45. Kf3 Kd5 46. g4
g6 47. g5 b5 48. h4 b4 49. h5 gxh5 50. e4+ fxe4+ 51. Ke3 Rd3+ 52. Ke2 Rc3 53.
f5 Ke5 54. f6 Ke6 55. Kd2 Kf7 0-1

[Event "Oberliga Ost A 2016 2017"]
[Site "Germany"]
[Date "2016.11.19"]
[Round "2.4"]
[White "Escher, Thomas"]
[Black "Pallas, Sebastian"]
[Result "0-1"]
[WhiteElo "2181"]
[BlackElo "2225"]
[PlyCount "72"]
[EventDate "2016.10.16"]
[EventType "team-tourn"]
[EventCountry "GER"]
[WhiteTeam "Coswig TuS"]
[BlackTeam "Loeberitz SG"]
[WhiteTeamCountry "GER"]
[BlackTeamCountry "GER"]

1. d4 Nf6 2. c4 g6 3. g3 Bg7 4. Bg2 d5 5. cxd5 Nxd5 6. Nf3 Nb6 7. Nc3 Nc6 8. e3
O-O 9. O-O Re8 10. Re1 e5 11. d5 Na5 12. e4 c6 13. Bg5 Bf6 14. Bxf6 Qxf6 15.
Nd2 Nac4 16. Nxc4 Nxc4 17. Bf1 Nb6 18. a4 Bd7 19. a5 Nc8 20. b4 Nd6 21. Rc1
Rad8 22. Qb3 a6 23. Rcd1 Qg7 24. Rd2 cxd5 25. Nxd5 Be6 26. Qf3 f5 27. exf5 Nxf5
28. Bc4 Kh8 29. Qe4 Nd4 30. g4 Rc8 31. Ba2 Bf5 32. Qg2 e4 33. Kf1 Nf3 34. Rde2
Bxg4 35. Re3 Qh6 36. Rxf3 exf3 0-1

[Event "Oberliga Ost A 2016 2017"]
[Site "Germany"]
[Date "2016.11.19"]
[Round "2.5"]
[White "Niegsch, Nicolas"]
[Black "Klawa, Patrick"]
[Result "1-0"]
[WhiteElo "2191"]
[BlackElo "2187"]
[PlyCount "89"]
[EventDate "2016.10.16"]
[EventType "team-tourn"]
[EventCountry "GER"]
[WhiteTeam "Loeberitz SG"]
[BlackTeam "Coswig TuS"]
[WhiteTeamCountry "GER"]
[BlackTeamCountry "GER"]

1. e4 e5 2. Nf3 d6 3. d4 exd4 4. Nxd4 Nf6 5. Nc3 Be7 6. g3 Bg4 7. f3 Bd7 8. Be3
Nc6 9. Bg2 a6 10. O-O O-O 11. Nde2 Re8 12. Qd2 Bf8 13. Rad1 h6 14. g4 Nh7 15.
Ng3 Be6 16. Nf5 Qf6 17. f4 Qd8 18. h3 Qd7 19. Ng3 Rad8 20. b3 f6 21. Nd5 Bf7
22. c4 Ne7 23. Qf2 Nxd5 24. cxd5 c5 25. a4 b5 26. axb5 axb5 27. Ra1 Ra8 28.
Rxa8 Rxa8 29. Qb2 Be7 30. e5 fxe5 31. fxe5 Bg6 32. Nf5 Bxf5 33. gxf5 Re8 34. f6
gxf6 35. e6 Qd8 36. Rf5 Bf8 37. Bf3 Re7 38. Bh5 Rg7+ 39. Kh2 Ng5 40. Rxf6 Be7
41. Rxh6 Qa5 42. Bxg5 Bxg5 43. Bf7+ Kf8 44. Rh8+ Ke7 45. Re8# 1-0

[Event "Oberliga Ost A 2016 2017"]
[Site "Germany"]
[Date "2016.11.19"]
[Round "2.6"]
[White "Hofmann, Rares"]
[Black "Schuster, Martin"]
[Result "1/2-1/2"]
[WhiteElo "2081"]
[BlackElo "2223"]
[PlyCount "134"]
[EventDate "2016.10.16"]
[EventType "team-tourn"]
[EventCountry "GER"]
[WhiteTeam "Coswig TuS"]
[BlackTeam "Loeberitz SG"]
[WhiteTeamCountry "GER"]
[BlackTeamCountry "GER"]

1. d4 Nf6 2. Nc3 d5 3. Bf4 c6 4. f3 Bf5 5. g4 Bg6 6. h4 h6 7. e3 e6 8. Bd3 Bxd3
9. Qxd3 Bd6 10. Nh3 Bxf4 11. exf4 Qd6 12. O-O-O Nbd7 13. f5 O-O-O 14. g5 Nh5
15. fxe6 Qxe6 16. f4 Rde8 17. Rde1 Qg4 18. Reg1 Qe6 19. f5 Qe3+ 20. Qxe3 Rxe3
21. Kd2 Rf3 22. Rf1 Rxf1 23. Rxf1 hxg5 24. Nxg5 Nhf6 25. Rh1 Rf8 26. Ne2 Kc7
27. Nf4 Kd6 28. h5 Ng4 29. Rg1 Ndf6 30. b3 Nh6 31. c4 b6 32. c5+ Kd7 33. Nd3
bxc5 34. dxc5 Re8 35. Nf3 Ne4+ 36. Kc1 Nxf5 37. Nfe5+ Kc7 38. Nxf7 Re7 39. Ng5
Neg3 40. Kb2 Nxh5 41. Nf3 Nhg3 42. Nfe5 Re6 43. Ka3 Ne4 44. Rf1 Neg3 45. Rg1 g5
46. Kb4 Rh6 47. Ka5 Kb7 48. b4 Rh2 49. a4 Rd2 50. b5 cxb5 51. c6+ Kc7 52. Nc5
Rc2 53. Na6+ Kd6 54. Nb4 Rc3 55. Nf7+ Kc5 56. c7 Ne7 57. Na6+ Kd4 58. Nd6 Ke5
59. c8=Q Nxc8 60. Nxc8 Rxc8 61. Rxg3 Kf4 62. Rd3 bxa4 63. Nb4 g4 64. Kxa4 g3
65. Nxd5+ Ke4 66. Rxg3 Kxd5 67. Rg7 a5 1/2-1/2

[Event "Oberliga Ost A 2016 2017"]
[Site "Germany"]
[Date "2016.11.19"]
[Round "2.7"]
[White "Otikova, Elina"]
[Black "Poenisch, Eckehard"]
[Result "1-0"]
[WhiteElo "2007"]
[BlackElo "2166"]
[PlyCount "67"]
[EventDate "2016.10.16"]
[EventType "team-tourn"]
[EventCountry "GER"]
[WhiteTeam "Loeberitz SG"]
[BlackTeam "Coswig TuS"]
[WhiteTeamCountry "GER"]
[BlackTeamCountry "GER"]

1. e4 c6 2. d4 d5 3. Nd2 dxe4 4. Nxe4 Nf6 5. Nxf6+ exf6 6. c3 Bd6 7. Bd3 O-O 8.
Ne2 Qc7 9. Qc2 Kh8 10. Be3 Be6 11. Ng3 c5 12. dxc5 Bxc5 13. Bxc5 Qxc5 14. O-O
Nc6 15. b4 Qe7 16. f4 Rfd8 17. Bxh7 g6 18. f5 Kxh7 19. fxe6 fxe6 20. Nh5 f5 21.
Nf4 e5 22. Nxg6 Qg5 23. Rxf5 Qxg6 24. Rf7+ Kh6 25. Qf2 Rg8 26. Qh4+ Qh5 27.
Rh7+ Kxh7 28. Qxh5+ Kg7 29. b5 Na5 30. Rf1 Raf8 31. Qxe5+ Kh6 32. Rxf8 Rxf8 33.
Qd6+ Kg7 34. Qc7+ 1-0